Vyvolávanie mladosti

Bibliographic Details
Main Author: Mináčová, Libuša, 1925-2006 (Author)
Other Authors: Drozd, Jozef (gup)
Format: Article
Language:Slovak
Subjects:

MARC

LEADER 00000nab a2200000 a 4500
001 vtls000340091
003 SK-MaSNL
005 20260303173509.0
008 111201c1988 xo 0 slo
015 |a SNBRB19rr/mm-uuuuu 
035 |a CL0340213 
040 |a SNKBUCL  |b slo  |c SNKBUCL  |e AACR2 
041 0 |a slo 
044 |a xo  |c SK 
080 |a 885.4-3  |2 1981 
100 1 |a Mináčová, Libuša,  |d 1925-2006  |4 aut  |9 228673 
245 1 0 |a Vyvolávanie mladosti  |c Libuša Mináčová ; Jozef Drozd 
650 0 7 |a poviedky psychologické  |2 snkbucl  |9 893883 
655 7 |a články z novín a časopisov  |2 snkbucl  |9 267496 
655 7 |a články z odboru literárna veda a krásna literatúra  |2 snkbucl  |9 770045 
700 1 |a Drozd, Jozef  |4 gup  |9 291793 
773 0 |t Nedeľná Pravda  |g Roč. 21, č. 49 (1988), s. /13/ 
850 |a Slovenská národná knižnica v Martine  |a MTA001 
852 |a SNK  |b KIS3GCP 
958 |a RK 
958 |a LX 
992 |a RBX 
999 |c 2092721  |d 2094651